Compendio de cifras básicas de Costa Rica. III: Balanza de pagos 1950-1970

Na minha lista:
Detalhes bibliográficos
Autor Corporativo: Costa Rica. Presidencia de la República. Oficina de Planificación
Formato: Texto
Publicado em: San José: Oficina de Planificación
Tags: Adicionar Tag
Sem tags, seja o primeiro a adicionar uma tag!

MARC

LEADER 00000 a a2200000 04500
001 18005
003
040
090 |a 003100  
110 |a Costa Rica. Presidencia de la República. Oficina de Planificación  
245 |a Compendio de cifras básicas de Costa Rica. III: Balanza de pagos 1950-1970  
260 |a San José:   |b Oficina de Planificación  
300 |a 46 p.  
999 |c 14283  |d 14283